| 000 | 00967namaa2200301 cb4500 | ||
|---|---|---|---|
| 001 | BV005305351 | ||
| 003 | DE-70 | ||
| 005 | 20260505142224.0 | ||
| 006 | m|||| o||u| |||||| | ||
| 007 | tu | ||
| 007 | 7 | ||
| 008 | 920527s1980 a||| |||| 00||| und d | ||
| 020 |
_a9783111588155 _9978-3-11-158815-5 |
||
| 024 |
_a9783111588155 _a978-3-11-158815-5 |
||
| 040 | _cRU-10907106 | ||
| 041 | _aeng | ||
| 100 |
_aLansberg, Erica J. _4aut _969093 |
||
| 245 |
_aEncounters in the Rubble _bAmerican Interactions with German Children and Youth in Postwar Germany |
||
| 264 |
_aBerlin/München/Boston _bDe Gruyter _c2025 |
||
| 300 | _a366 Seiten | ||
| 336 |
_2rdacontent _aText _btxt |
||
| 337 |
_2rdamedia _aComputermedien _bbc |
||
| 338 |
_2rdacarrier _aOnline Ressource _bcr |
||
| 490 |
_aDe Gruyter Studies in Military History _v12 |
||
| 500 | _aE-Book / Zugriff nur im Lesesaal | ||
| 856 |
_zVolltext _uhttp://www.degruyterbrill.com/isbn/9783111588155 |
||
| 942 |
_cEB _2z |
||
| 999 |
_c74115 _d74115 |
||